[Event "Niederbayernliga 1314"]
[Site "Bayern"]
[Date "2014.??.??"]
[Round "7"]
[White "Bayerer, Michael"]
[Black "Moyses, Michael"]
[Result "0-1"]
[WhiteElo "1466"]
[BlackElo "1429"]
[PlyCount "104"]
[EventDate "2013.10.13"]
[EventType "team-tourn"]
[EventRounds "9"]
[EventCountry "GER"]
[SourceTitle "EXT 2023"]
[Source "ChessBase"]
[SourceDate "2022.10.05"]
[SourceVersion "1"]
[SourceVersionDate "2022.10.05"]
[SourceQuality "1"]
[WhiteTeam "Aidenbach"]
[BlackTeam "Passau II"]
[WhiteTeamCountry "GER"]
[BlackTeamCountry "GER"]

1. d4 Nf6 2. c4 e6 3. Nf3 d5 4. e3 Nc6 5. Nc3 Bb4 6. a3 Bxc3+ 7. bxc3 Bd7 8. cxd5 exd5 9. c4 0-0 10. cxd5 Nxd5 11. Qb3 Nb6 12. Be2 Be6 13. Qc2 Qd7 14. Bb2 Na5 15. Rd1 Bb3 16. Qe4 Bxd1 17. Bxd1 Qd5 18. Qh4 Nac4 19. Bc3 Nxa3 20. 0-0 Nd7 21. Bb4 Nb5 22. Bc2 Nf6 23. Ng5 h6 24. Nf3 Nd6 25. Bd2 Nfe4 26. Bc1 Rfe8 27. Ne5 Rxe5 28. dxe5 Qxe5 29. Rd1 Nc3 30. Rd2 Nde4 31. Rd8+ Rxd8 32. Qxd8+ Kh7 33. Kh1 g6 34. f3 Nf2+ 35. Kg1 Ne2+ 36. Kxf2 Nxc1 37. Qd2 Qb2 38. Kg1 Kg7 39. Qd1 Na2 40. Be4 b5 41. Kf1 Qc1 42. Qxc1 Nxc1 43. Ke1 Nb3 44. Bd5 Nc5 45. Kd2 b4 46. e4 a5 47. Ke3 Na4 48. Kd3 Nb6 49. Ba2 c5 50. g4 g5 51. e5 a4 52. Ke4 b3 0-1